[Event "Amber 2007 Rapid"]
[Site "Monte Carlo MNC"]
[Date "2007.03.28"]
[Round "10"]
[White "Leko, P."]
[Black "Anand, V."]
[Result "1/2-1/2"]
[WhiteElo "2749"]
[BlackElo "2779"]
[PlyCount "63"]
[EventDate "2007.03.17"]
[Source "www.chesslib.no"]
[SourceDate "2004.05.04"]

1. e4 e5 2. Nf3 Nc6 3. Bb5 a6 4. Ba4 Nf6 5. O-O Be7 6. Re1 b5 7. Bb3 O-O 8. c3 d5 9. exd5 Nxd5 10. Nxe5 Nxe5 11. Rxe5 c6 12. d3 Bd6 13. Re1 Bf5 14. Qf3 Qh4 15. g3 Qh3 16. Nd2 Rae8 17. Ne4 Bg4 18. Qg2 Qxg2+ 19. Kxg2 f5 20. Bf4 Bxf4 21. gxf4 fxe4 22. dxe4 Bf3+ 23. Kxf3 Rxf4+ 24. Kg3 Rfxe4 25. Rxe4 Rxe4 26. f3 Re5 27. c4 bxc4 28. Bxc4 a5 29. Rc1 Kf8 30. Bxd5 Rg5+ 31. Kf4 Rxd5 32. Ke3 1/2-1/2

[Event "XXIV SuperGM"]
[Site "Morelia MES"]
[Date "2007.02.22"]
[Round "5"]
[White "Svidler, P."]
[Black "Leko, P."]
[Result "1/2-1/2"]
[WhiteElo "2728"]
[BlackElo "2749"]
[PlyCount "54"]
[EventDate "2007.02.17"]
[Source "www.chesslib.no"]
[SourceDate "2004.05.04"]

1. e4 e5 2. Nf3 Nc6 3. Bb5 a6 4. Ba4 Nf6 5. O-O Be7 6. Re1 b5 7. Bb3 O-O 8. c3 d5 9. exd5 Nxd5 10. Nxe5 Nxe5 11. Rxe5 c6 12. d4 Bd6 13. Re1 Qh4 14. g3 Qh3 15. Re4 g5 16. Qf1 Qh5 17. Nd2 f5 18. Bd1 Qh6 19. Re1 f4 20. Ne4 Bc7 21. Bf3 Bh3 22. Qd3 Rf7 23. Bd2 Raf8 24. Bh1 Rg7 25. Bf3 Rgf7 26. Bh1 Rg7 27. Bf3 Rgf7 1/2-1/2

[Event "XXIV ECC"]
[Site "Kallithea GRE"]
[Date "2008.10.21"]
[Round "5"]
[White "Bacrot, E."]
[Black "Aronian, L."]
[Result "1/2-1/2"]
[WhiteElo "2705"]
[BlackElo "2757"]
[PlyCount "69"]
[EventDate "2008.10.17"]
[Source "www.chesslib.no"]
[SourceDate "2004.05.04"]

1. e4 e5 2. Nf3 Nc6 3. Bb5 a6 4. Ba4 Nf6 5. O-O Be7 6. Re1 b5 7. Bb3 O-O 8. c3 d5 9. exd5 Nxd5 10. Nxe5 Nxe5 11. Rxe5 c6 12. d3 Bd6 13. Re1 Bf5 14. Qf3 Qh4 15. g3 Qh3 16. Bxd5 cxd5 17. Qxd5 Rad8 18. Qg2 Qxg2+ 19. Kxg2 Bxd3 20. Be3 Be4+ 21. f3 Bc6 22. Nd2 Rfe8 23. Nb3 f6 24. Bb6 Rxe1 25. Rxe1 Rd7 26. Rd1 Kf7 27. Bc5 Bc7 28. Rxd7+ Bxd7 29. Nd2 h5 30. Bd4 Bc6 31. b3 f5 32. Kf2 g5 33. Be3 g4 34. f4 Ke6 35. Bd4 1/2-1/2

[Event "Olimpiadi 2008 - open"]
[Site "Dresda GER"]
[Date "2008.11.16"]
[Round "4"]
[White "Nisipeanu, LD."]
[Black "Leko, P."]
[Result "1/2-1/2"]
[WhiteElo "2684"]
[BlackElo "2747"]
[PlyCount "60"]
[EventDate "2008.11.13"]
[Source "www.chesslib.no"]
[SourceDate "2004.05.04"]

1. e4 e5 2. Nf3 Nc6 3. Bb5 a6 4. Ba4 Nf6 5. O-O Be7 6. Re1 b5 7. Bb3 O-O 8. c3 d5 9. exd5 Nxd5 10. Nxe5 Nxe5 11. Rxe5 c6 12. d4 Bd6 13. Re1 Qh4 14. g3 Qh3 15. Be3 Bg4 16. Qd3 Rae8 17. Nd2 Re6 18. a4 Qh5 19. axb5 axb5 20. Qf1 Rfe8 21. Bxd5 Qxd5 22. h3 Bh5 23. Qg2 Qxg2+ 24. Kxg2 f5 25. Nf3 f4 26. Bd2 fxg3 27. Rxe6 Rxe6 28. Ra8+ Bf8 29. Ne5 gxf2 30. Kxf2 Re8 1/2-1/2

[Event "Elista (ol) 73/395"]
[Site "?"]
[Date "1998.??.??"]
[Round "?"]
[White "Svidler, Peter"]
[Black "Adams, Michael"]
[Result "1-0"]
[WhiteElo "2710"]
[BlackElo "2715"]
[PlyCount "78"]
[EventDate "1998.??.??"]
[Source "ChessBase"]
[SourceDate "1998.06.01"]

1. e4 e5 2. Nf3 Nc6 3. Bb5 a6 4. Ba4 Nf6 5. O-O Be7 6. Re1 b5 7. Bb3 O-O 8. c3 d5 9. exd5 Nxd5 10. Nxe5 Nxe5 11. Rxe5 c6 12. d3 Bd6 13. Re1 Qh4 14. g3 Qh3 15. Re4 Nf6 16. Rh4 Qf5 17. Nd2 g5 18. Rh6 Ng4 19. Ne4 Nxh6 20. Nxd6 Qg6 21. Ne4 Ng4 22. Bxg5 Bf5 23. Bf4 Rad8 24. Qe2 Rfe8 25. Re1 Kg7 26. f3 Ne5 27. Bc2 c5 28. Qe3 f6 29. Kh1 Bxe4 30. fxe4 Nd7 31. d4 cxd4 32. cxd4 Nb6 33. Qf2 Nd5 34. Bd2 Ne7 35. e5 f5 36. e6 Qf6 37. Bb3 Kg8 38. Re5 Kg7 39. d5 Qxe5 1-0

[Event "Ch World (match)"]
[Site "Ch World (match)"]
[Date "1994.??.??"]
[Round "1"]
[White "Anand, Viswanathan"]
[Black "Kamsky, Gata"]
[Result "1/2-1/2"]
[WhiteElo "2715"]
[BlackElo "2695"]
[PlyCount "63"]
[EventDate "1994.??.??"]
[Source "www.chesslib.no"]
[SourceDate "2004.05.04"]

1. e4 e5 2. Nf3 Nc6 3. Bb5 a6 4. Ba4 Nf6 5. O-O Be7 6. Re1 b5 7. Bb3 O-O 8. c3 d5 9. exd5 Nxd5 10. Nxe5 Nxe5 11. Rxe5 c6 12. d4 Bd6 13. Re1 Qh4 14. g3 Qh3 15. Be3 Bg4 16. Qd3 Rae8 17. Nd2 Re6 18. a4 Qh5 19. axb5 axb5 20. Ne4 Bc7 21. Bd2 Rfe8 22. Bd1 Bxd1 23. Rexd1 f5 24. Ng5 Re2 25. Nf3 Rxd2 26. Rxd2 Ra8 27. Rxa8+ Kf7 28. Ng5+ Kg6 29. Re8 Qh4 30. Re4 Bf4 31. Kh1 Bxg5 32. Re5 1/2-1/2

[Event "Tilburg"]
[Site "?"]
[Date "1991.??.??"]
[Round "?"]
[White "Karpov, An"]
[Black "Short, N."]
[Result "1/2-1/2"]
[WhiteElo "2730"]
[BlackElo "2660"]
[PlyCount "82"]
[EventDate "1991.??.??"]
[Source "ChessBase"]
[SourceDate "1991.10.01"]

1. e4 e5 2. Nf3 Nc6 3. Bb5 a6 4. Ba4 Nf6 5. O-O Be7 6. Re1 b5 7. Bb3 O-O 8. c3 d5 9. exd5 Nxd5 10. Nxe5 Nxe5 11. Rxe5 c6 12. d4 Bd6 13. Re1 Qh4 14. g3 Qh3 15. Be3 Bg4 16. Qd3 Rae8 17. Nd2 Re6 18. a4 Qh5 19. axb5 axb5 20. Nf1 Bf5 21. Qd1 Bg4 22. Qd2 Qh3 23. Bd1 Bxd1 24. Raxd1 f5 25. f4 g5 26. Qg2 Qxg2+ 27. Kxg2 Rfe8 28. Bd2 Rxe1 29. Rxe1 Rxe1 30. Bxe1 gxf4 31. Kf3 fxg3 32. hxg3 Kf7 33. b3 Ke6 34. c4 bxc4 35. bxc4 Nf6 36. Bd2 h5 37. Bf4 Bb4 38. Nd2 Bxd2 39. Bxd2 Ne4 40. Bb4 Kf6 41. Kf4 Ke6 1/2-1/2

[Event "Paks"]
[Site "?"]
[Date "2006.08.05"]
[Round "8"]
[White "Almasi Zoltan"]
[Black "Harikrishna Penteala"]
[Result "0-1"]
[WhiteElo "2672"]
[BlackElo "2682"]
[PlyCount "74"]
[EventDate "2006.??.??"]
[Source "www.chesslib.no"]
[SourceDate "2004.05.04"]

1. e4 e5 2. Nf3 Nc6 3. Bb5 a6 4. Ba4 Nf6 5. O-O Be7 6. Re1 b5 7. Bb3 O-O 8. c3 d5 9. exd5 Nxd5 10. Nxe5 Nxe5 11. Rxe5 c6 12. d4 Bd6 13. Re1 Qh4 14. g3 Qh3 15. Re4 g5 16. Qf1 Qxf1+ 17. Kxf1 Bf5 18. Nd2 Rad8 19. f3 Bxe4 20. fxe4 Nc7 21. Kg2 c5 22. Nf3 h6 23. Be3 cxd4 24. Nxd4 Rfe8 25. Rf1 Rd7 26. Rf6 Rxe4 27. Kf3 Re5 28. Nf5 Ne8 29. Bxf7+ Rxf7 30. Nxh6+ Kg7 31. Rxf7+ Kxh6 32. b4 Be7 33. Bd4 Kg6 34. Rf4 Rf5 35. Rxf5 Kxf5 36. g4+ Ke6 37. Be3 Kd5 0-1

[Event "Madrid 73/(395)"]
[Site "?"]
[Date "1998.??.??"]
[Round "?"]
[White "Leko, Peter"]
[Black "Adams, Michael"]
[Result "1/2-1/2"]
[WhiteElo "2670"]
[BlackElo "2670"]
[PlyCount "54"]
[EventDate "1998.??.??"]
[Source "ChessBase"]
[SourceDate "1998.06.01"]

1. e4 e5 2. Nf3 Nc6 3. Bb5 a6 4. Ba4 Nf6 5. O-O Be7 6. Re1 b5 7. Bb3 O-O 8. c3 d5 9. exd5 Nxd5 10. Nxe5 Nxe5 11. Rxe5 c6 12. d3 Bd6 13. Re1 Qh4 14. g3 Qh3 15. Re4 Nf6 16. Rh4 Qf5 17. Bc2 Qg6 18. Nd2 Bg4 19. Nf3 Rfe8 20. Kg2 Nd5 21. d4 Bf5 22. Bxf5 Qxf5 23. Bd2 Nf6 24. Bf4 Bf8 25. Bd2 Bd6 26. Bf4 Bf8 27. Bd2 Bd6 1/2-1/2

[Event "Camp. spagnolo a squadre - Gruppo I"]
[Site "Cala Mayor SPA"]
[Date "2008.09.03"]
[Round "1"]
[White "Ponomariov, R."]
[Black "Gustafsson, J."]
[Result "1/2-1/2"]
[WhiteElo "2718"]
[BlackElo "2620"]
[PlyCount "61"]
[EventDate "2008.09.03"]
[Source "www.chesslib.no"]
[SourceDate "2004.05.04"]

1. e4 e5 2. Nf3 Nc6 3. Bb5 a6 4. Ba4 Nf6 5. O-O Be7 6. Re1 b5 7. Bb3 O-O 8. c3 d5 9. exd5 Nxd5 10. Nxe5 Nxe5 11. Rxe5 c6 12. d4 Bd6 13. Re1 Qh4 14. g3 Qh3 15. Be3 Bg4 16. Qd3 Rae8 17. Nd2 Qh5 18. Bc2 f5 19. f3 Bh3 20. Bf2 Qg6 21. Rxe8 Rxe8 22. Re1 Rxe1+ 23. Bxe1 h5 24. Bb3 Kh7 25. Bf2 Nf4 26. Qe3 h4 27. Nf1 Nd5 28. Qd3 Nf4 29. Qe3 Nd5 30. Qd3 Nf4 31. Qe3 1/2-1/2

[Event "Eurotel Trophy"]
[Site "Prague"]
[Date "2002.04.29"]
[Round "1.2"]
[White "Grischuk, Alexander"]
[Black "Tkachiev, Vladislav"]
[Result "1/2-1/2"]
[WhiteElo "2702"]
[BlackElo "2633"]
[PlyCount "110"]
[EventDate "2002.04.28"]
[Source "ChessBase"]
[SourceDate "2002.08.12"]

1. e4 e5 2. Nf3 Nc6 3. Bb5 a6 4. Ba4 Nf6 5. O-O Be7 6. Re1 b5 7. Bb3 O-O 8. c3 d5 9. exd5 Nxd5 10. Nxe5 Nxe5 11. Rxe5 c6 12. d3 Bd6 13. Re1 Bf5 14. Qf3 Qh4 15. g3 Qh3 16. Bxd5 cxd5 17. Bf4 Bg4 18. Qg2 Bxf4 19. Qxh3 Bxh3 20. gxf4 d4 21. cxd4 Rfd8 22. Re3 Bf5 23. a4 b4 24. Nd2 Rxd4 25. Ne4 g6 26. Rc1 Rad8 27. Rc4 Rxd3 28. Rxd3 Rxd3 29. Rxb4 Bh3 30. f3 Rxf3 31. Nf2 Be6 32. Kg2 Bd5 33. Kf1 a5 34. Rd4 Be6 35. b4 axb4 36. Rxb4 Ra3 37. Ne4 Ra2 38. h4 Kg7 39. Ke1 Rh2 40. a5 Ra2 41. Nc5 Rxa5 42. Nxe6+ fxe6 43. Kf2 Kf6 44. Kf3 Ra3+ 45. Kg2 Kf5 46. Rb7 h5 47. Rf7+ Kg4 48. Rf6 Ra2+ 49. Kg1 Re2 50. Kf1 Re4 51. Kg2 Re2+ 52. Kf1 Re3 53. Kf2 Re4 54. Kg2 Re1 55. Kf2 Re4 1/2-1/2